[Event "Mollet del Valles op 2nd"]
[Site "Mollet del Valles"]
[Date "2011.06.18"]
[Round "8"]
[White "Esteve Benito, Antoni"]
[Black "Ruiz Alba, Daniel"]
[Result "1/2-1/2"]
[WhiteElo "1679"]
[BlackElo "1783"]
[PlyCount "67"]
[EventDate "2011.04.30"]
[EventType "swiss"]
[EventRounds "8"]
[EventCountry "ESP"]
[SourceTitle "EXT 2024"]
[Source "ChessBase"]
[SourceDate "2023.10.10"]
[SourceVersion "1"]
[SourceVersionDate "2023.10.10"]
[SourceQuality "1"]

1. c4 e5 2. Nc3 d6 3. e3 f5 4. d4 Nc6 5. a3 Nf6 6. dxe5 Nxe5 7. Nf3 Ng6 8. b4 Be7 9. Bd3 0-0 10. Qc2 Ng4 11. 0-0 Qe8 12. Nd5 Bd8 13. Bb2 c6 14. Nf4 N6e5 15. Be2 Bc7 16. h3 Nxf3+ 17. Bxf3 Ne5 18. Be2 g5 19. Nd3 Qg6 20. Nxe5 dxe5 21. c5 Be6 22. Bc4 Rad8 23. Bxe6+ Qxe6 24. Rac1 Rd7 25. Qc4 Qxc4 26. Rxc4 Rfd8 27. Rc2 Rd1 28. g3 f4 29. exf4 gxf4 30. Rxd1 Rxd1+ 31. Kg2 Rd3 32. gxf4 exf4 33. f3 Kf7 34. Re2 1/2-1/2

[Event "Cerdanyola del Valles op 28th"]
[Site "Cerdanyola del Valles"]
[Date "2010.10.23"]
[Round "4"]
[White "Serrano Moron, Eloi"]
[Black "Esteve Benito, Antoni"]
[Result "0-1"]
[WhiteElo "1526"]
[BlackElo "1685"]
[PlyCount "36"]
[EventDate "2010.10.02"]
[EventType "swiss"]
[EventRounds "7"]
[EventCountry "ESP"]
[SourceTitle "EXT 2012"]
[Source "ChessBase"]
[SourceDate "2011.11.24"]
[SourceVersion "1"]
[SourceVersionDate "2011.11.24"]
[SourceQuality "1"]

1. b3 c5 2. Bb2 d5 3. Nf3 Nc6 4. g3 d4 5. Bg2 e5 6. c3 e4 7. Ng1 Nf6 8. cxd4 cxd4 9. d3 Bb4+ 10. Kf1 e3 11. Bxc6+ bxc6 12. f3 Be6 13. a3 Ba5 14. b4 Bb6 15. Qa4 Qd7 16. h3 0-0 17. g4 Nd5 18. Qc2 Qd6 0-1

[Event "Llinars del Valles op-B 4th"]
[Site "Llinars del Valles"]
[Date "2010.05.15"]
[Round "6"]
[White "Castaneda Munoz, Antonio"]
[Black "Esteve Benito, Antoni"]
[Result "1-0"]
[WhiteElo "1606"]
[BlackElo "1735"]
[PlyCount "77"]
[EventDate "2010.04.10"]
[EventType "swiss"]
[EventRounds "7"]
[EventCountry "ESP"]
[SourceTitle "EXT 2012"]
[Source "ChessBase"]
[SourceDate "2011.11.24"]
[SourceVersion "1"]
[SourceVersionDate "2011.11.24"]
[SourceQuality "1"]

1. d4 d5 2. Bg5 g6 3. e3 Bg7 4. c4 Nf6 5. Nc3 dxc4 6. Bxc4 0-0 7. Nf3 a6 8. a4 Nbd7 9. 0-0 a5 10. Qb3 Nb6 11. Rad1 Nxc4 12. Qxc4 Bg4 13. Qe2 Nd5 14. Nxd5 Qxd5 15. Bxe7 Bxf3 16. Qxf3 Qxf3 17. gxf3 Rfe8 18. Ba3 Rad8 19. Rc1 Rd7 20. Rc5 b6 21. Rc6 Bf6 22. Rxf6 Rd5 23. Rc1 Rc8 24. Rxb6 h5 25. Rb5 Rd7 26. Rxa5 h4 27. h3 Kg7 28. Rac5 f6 29. f4 Kf7 30. a5 Ke6 31. a6 Rg7 32. Rc6+ Kf5 33. f3 g5 34. e4+ Kxf4 35. Rxf6+ Kg3 36. Rc2 Rd8 37. d5 Kxh3 38. Bb4 Rd6 39. Rh2+ 1-0

[Event "Llinars del Valles op-B 4th"]
[Site "Llinars del Valles"]
[Date "2010.05.01"]
[Round "4"]
[White "Torres Morales, Ferran"]
[Black "Esteve Benito, Antoni"]
[Result "1-0"]
[WhiteElo "1597"]
[BlackElo "1735"]
[PlyCount "69"]
[EventDate "2010.04.10"]
[EventType "swiss"]
[EventRounds "7"]
[EventCountry "ESP"]
[SourceTitle "EXT 2012"]
[Source "ChessBase"]
[SourceDate "2011.11.24"]
[SourceVersion "1"]
[SourceVersionDate "2011.11.24"]
[SourceQuality "1"]

1. e4 c5 2. Nf3 a6 3. c3 b5 4. d4 e6 5. Be3 c4 6. a4 Bb7 7. Nbd2 Nf6 8. Qc2 Be7 9. g3 0-0 10. Bg2 h6 11. 0-0 d5 12. exd5 Nxd5 13. b4 Nd7 14. Ne4 f5 15. Nc5 Nxc5 16. bxc5 Nxe3 17. fxe3 Bf6 18. Nh4 Bxg2 19. Nxg2 Qd5 20. axb5 axb5 21. Qb2 Qc6 22. Rxa8 Rxa8 23. Rb1 Rb8 24. Kf2 e5 25. Ne1 g5 26. Nf3 g4 27. Ne1 h5 28. Kg1 exd4 29. exd4 Qe4 30. Qc2 Qxc2 31. Nxc2 h4 32. Na3 Bg5 33. Rxb5 Rxb5 34. Nxb5 Bd8 35. c6 1-0

[Event "Llinars del Valles op 3rd"]
[Site "Llinars del Valles"]
[Date "2009.05.23"]
[Round "6"]
[White "Camps Carreras, Marcel"]
[Black "Esteve Benito, Antoni"]
[Result "1-0"]
[WhiteElo "1525"]
[BlackElo "1772"]
[PlyCount "93"]
[EventDate "2009.04.18"]
[EventType "swiss"]
[EventRounds "7"]
[EventCountry "ESP"]
[SourceTitle "EXT 2011"]
[Source "ChessBase"]
[SourceDate "2010.11.26"]
[SourceVersion "1"]
[SourceVersionDate "2010.11.26"]
[SourceQuality "1"]

1. e4 c5 2. Nf3 Nc6 3. d4 cxd4 4. Nxd4 Nf6 5. Nc3 e5 6. Ndb5 d6 7. Bg5 a6 8. Na3 Be6 9. Bc4 b5 10. Bxe6 fxe6 11. Ne2 Qa5+ 12. Bd2 b4 13. Ng3 d5 14. 0-0 Bc5 15. c4 bxc3 16. Bxc3 Qb6 17. exd5 exd5 18. Qe2 Bd4 19. Bxd4 Qxd4 20. Rac1 Qb6 21. Rfd1 0-0 22. Nf5 Ne4 23. Rxc6 Qxf2+ 24. Qxf2 Nxf2 25. Ne7+ Kf7 26. Kxf2 Kxe7+ 27. Ke2 Rfd8 28. Rc7+ Kf6 29. Rf1+ Kg6 30. Rff7 Rg8 31. Rfe7 Kf6 32. Rf7+ Kg6 33. Nc2 Rab8 34. b3 Rb6 35. Ne3 Rd6 36. Ng4 Re6 37. Rf3 h5 38. Ne3 d4 39. Nd5 Rd8 40. Ne7+ Kh6 41. Rg3 g5 42. Rf3 e4 43. Rf1 d3+ 44. Ke3 d2 45. Rd1 Rd3+ 46. Ke2 Rd5 47. Nxd5 1-0